000 00458nam a2200181Ia 4500
001 8959
005 20260306160648.0
008 260306t2011||||xx |||||||||||||| ||spa||
041 _aESP
082 _a372.1
_bM26
100 _aMarchena Gómez, Rosa
_eAUT
245 0 _aEl aula por dentro:
_bcómo mejorar su gestión y organización
260 _c2011
300 _a207 páginas :
_c24 cm.
650 _aGEN
654 _aCED
942 _cLIB
_dJUS
_fJUS
_2ddc
_n
999 _c8959
_d8959